Rozpory v charakteru pomáhání v pomáhajících profesích

Pomáhanie je jednou z ciest, ako pomáhať ľuďom prekonávať problémy pri dosahovaní osobných cieľov. Subjekty, obsah a ciele pomáhania ako procesu sociálnej intervencie. Diferenciácia pomáhajúcich profesií. Rozpory v charaktere pomáhania a poradenská činnosť.

Gespeichert in:
Bibliographische Detailangaben
1. Verfasser: Buryová, Ivona
Format: Buchkapitel
Sprache:Tschechisch
Schlagworte:
Tags: Tag hinzufügen
Keine Tags, Fügen Sie das erste Tag hinzu!

MARC

LEADER 00000naa a2200000 4500
001 0200924
005 20220729105402.9
041 0 |a cze 
044 |a CZ 
245 1 0 |a Rozpory v charakteru pomáhání v pomáhajících profesích  |c Ivona Buryová 
520 |a Pomáhanie je jednou z ciest, ako pomáhať ľuďom prekonávať problémy pri dosahovaní osobných cieľov. Subjekty, obsah a ciele pomáhania ako procesu sociálnej intervencie. Diferenciácia pomáhajúcich profesií. Rozpory v charaktere pomáhania a poradenská činnosť. 
610 2 0 |a pracovníci sociálni 
610 2 0 |a poradenstvo profesionálne 
610 2 0 |a poradcovia 
610 2 0 |a práca sociálna 
610 2 0 |a pomoc sociálna 
610 2 0 |a problémy spoločenské 
100 1 |a Buryová, Ivona